| 000 | 00372nam a2200121 4500 | ||
|---|---|---|---|
| 999 |
_c11122 _d11122 |
||
| 008 | 181012b ||||| |||| 00| 0 eng d | ||
| 100 |
_932149 _aPadin, Mary Grace |
||
| 245 |
_aInflation impact of new tax law minimal, says DOF/ _cMary Grace Padin |
||
| 260 |
_aPhilippines _bThe Philippine Star _cc2018 |
||
| 300 | _apage B4. | ||
| 650 | 0 |
_932150 _aFinance. |
|
| 942 |
_2ddc _cPER |
||